Orange Things By Picture - Statistics

General Stats
  • This quiz has been taken 73 times
  • The average score is 7 of 8
Answer Stats
Picture Answer % Correct
Carrot
98%
Goldfish
96%
Orange
96%
Basketball
95%
Sun
95%
Pumpkin
93%
Clownfish
84%
Marigold
31%
No matching quizzes found
Score Distribution
Percent of People with Each Score
Percentile by Number Answered
Your Score History
You have not taken this quiz